|
|
|
|
| LEADER |
01331nam a2200301 a 4500 |
| 001 |
27417 |
| 005 |
20130822103141.0 |
| 008 |
130822s1998 nyua bf 000 0 eng |
| 010 |
|
|
|a 98010327
|
| 020 |
|
|
|a 3540641203 (hardcover : alk. paper)
|
| 040 |
|
|
|a DLC
|c DLC
|d DLC
|d BD-DhAAL
|
| 050 |
0 |
0 |
|a QC787.C6
|b B64 1998
|
| 082 |
0 |
0 |
|a 539.7/7
|2 21
|
| 100 |
1 |
|
|a Bock, R. K.
|9 2729
|
| 245 |
1 |
4 |
|a The particle detector briefbook /
|c Rudolf K. Bock, Angela Vasilescu.
|
| 260 |
|
|
|a Berlin ;
|a New York :
|b Springer,
|c c1998.
|
| 300 |
|
|
|a v, 132 p. :
|b ill. ;
|c 21 cm.
|
| 490 |
|
|
|a Accelerator physics
|
| 504 |
|
|
|a Includes bibliographical references.
|
| 541 |
|
|
|e 27417
|
| 650 |
|
0 |
|a Nuclear counters
|x Dictionaries.
|9 2730
|
| 650 |
|
0 |
|a Nuclear counters
|x Handbooks, manuals, etc.
|9 2731
|
| 700 |
1 |
|
|a Vasilescu, Angela,
|d 1956-
|9 2732
|
| 856 |
4 |
2 |
|3 Publisher description
|u http://www.loc.gov/catdir/enhancements/fy0815/98010327-d.html
|
| 942 |
|
|
|2 ddc
|c BK
|
| 999 |
|
|
|c 13873
|d 13873
|
| 952 |
|
|
|0 0
|1 0
|2 ddc
|4 0
|6 539_770000000000000_BOC
|7 0
|9 23216
|a BRACUL
|b BRACUL
|c GEN
|d 2013-08-22
|e Karim International
|g 4900.00
|l 0
|o 539.77 BOC
|p 3010027416
|r 2013-08-22
|t 1
|w 2013-08-22
|y BK
|
| 952 |
|
|
|0 0
|1 0
|2 ddc
|4 0
|6 539_770000000000000_BOC
|7 0
|9 23217
|a BRACUL
|b BRACUL
|c GEN
|d 2013-08-22
|e Karim International
|g 4900.00
|l 0
|o 539.77 BOC
|p 3010027417
|r 2013-08-22
|t 2
|w 2013-08-22
|y BK
|